<?xml version="1.0" encoding="UTF-8"?>
<record
    xmlns:xsi="http://www.w3.org/2001/XMLSchema-instance"
    xsi:schemaLocation="http://www.loc.gov/MARC21/slim http://www.loc.gov/standards/marcxml/schema/MARC21slim.xsd"
    xmlns="http://www.loc.gov/MARC21/slim">

  <leader>00746nam a2200205Ia 4500</leader>
  <controlfield tag="003">OSt</controlfield>
  <controlfield tag="005">20260602105633.0</controlfield>
  <controlfield tag="008">210210b1977   xxu||||| |||| 00| 0 eng d</controlfield>
  <datafield tag="040" ind1=" " ind2=" ">
    <subfield code="c">AL</subfield>
  </datafield>
  <datafield tag="041" ind1=" " ind2=" ">
    <subfield code="a">Kannada</subfield>
  </datafield>
  <datafield tag="082" ind1=" " ind2=" ">
    <subfield code="a">574.5K  SATM</subfield>
  </datafield>
  <datafield tag="100" ind1=" " ind2=" ">
    <subfield code="a">SATISH CHAPPARIKE &amp; YALLAPPA REDDI (A Na).</subfield>
    <subfield code="d">&#xCB8;&#xCA4;&#xCC0;&#xCB6;&#xCCD; &#xC9A;&#xCAA;&#xCCD;&#xCAA;&#xCB0;&#xCBF;&#xC95;&#xCC6; &amp; &#xCAF;&#xCB2;&#xCCD;&#xCB2;&#xCAA;&#xCCD;&#xCAA; &#xCB0;&#xCC6;&#xCA1;&#xCCD;&#xCA1;&#xCBF; (&#xC85; &#xCA8; )</subfield>
    <subfield code="9">264960</subfield>
  </datafield>
  <datafield tag="245" ind1=" " ind2=" ">
    <subfield code="a">Mattondu mauna kanive: parisara sambandhi barahagalu.</subfield>
    <subfield code="b">&#xCAE;&#xCA4;&#xCCD;&#xCA4;&#xCCA;&#xC82;&#xCA6;&#xCC1; &#xCAE;&#xCCC;&#xCA8; &#xC95;&#xCA3;&#xCBF;&#xCB5;&#xCC6;: &#xCAA;&#xCB0;&#xCBF;&#xCB8;&#xCB0; &#xCB8;&#xC82;&#xCAC;&#xC82;&#xCA7;&#xCBF; &#xCAC;&#xCB0;&#xCB9;&#xC97;&#xCB3;&#xCC1;</subfield>
  </datafield>
  <datafield tag="260" ind1=" " ind2=" ">
    <subfield code="a">Sagara</subfield>
    <subfield code="b">Akshara Prakashana</subfield>
    <subfield code="c">1977</subfield>
  </datafield>
  <datafield tag="300" ind1=" " ind2=" ">
    <subfield code="a">83</subfield>
  </datafield>
  <datafield tag="650" ind1=" " ind2=" ">
    <subfield code="a">Parisara</subfield>
    <subfield code="9">264961</subfield>
  </datafield>
  <datafield tag="690" ind1=" " ind2=" ">
    <subfield code="a">Ecology</subfield>
    <subfield code="9">264962</subfield>
  </datafield>
  <datafield tag="906" ind1=" " ind2=" ">
    <subfield code="a">053306</subfield>
  </datafield>
  <datafield tag="942" ind1=" " ind2=" ">
    <subfield code="2">ddc</subfield>
    <subfield code="c">BK</subfield>
  </datafield>
  <datafield tag="999" ind1=" " ind2=" ">
    <subfield code="c">101712</subfield>
    <subfield code="d">101712</subfield>
  </datafield>
  <datafield tag="952" ind1=" " ind2=" ">
    <subfield code="0">0</subfield>
    <subfield code="1">0</subfield>
    <subfield code="4">0</subfield>
    <subfield code="7">0</subfield>
    <subfield code="8">Biology</subfield>
    <subfield code="a">AL</subfield>
    <subfield code="b">AL</subfield>
    <subfield code="c">Biology</subfield>
    <subfield code="d">2021-02-17</subfield>
    <subfield code="e">Athree Book Centre, Mangalore-01.</subfield>
    <subfield code="g">40.00</subfield>
    <subfield code="l">0</subfield>
    <subfield code="o">574.5K  SATM</subfield>
    <subfield code="p">053306</subfield>
    <subfield code="r">2021-02-17 00:00:00</subfield>
    <subfield code="w">2021-02-17</subfield>
    <subfield code="y">BK</subfield>
  </datafield>
</record>
